| 000 | 00641nam a2200205Ia 4500 | ||
|---|---|---|---|
| 008 | 191130s2004##################000#0#eng## | ||
| 020 | _a9780791079188 | ||
| 040 |
_aACL _cACL |
||
| 082 | _a331.1330973 MAR | ||
| 100 | _aMarzilli, Alan | ||
| 245 |
_aAffirmative action _cAlan Marzilli |
||
| 260 |
_aNew York _bChelsea House Publishers _cc2004 |
||
| 300 | _a110 p. : ill. ; 24 cm | ||
| 500 | _aIncludes bibliographical references and index | ||
| 650 | _aAffirmative action programs | ||
| 650 | _aAffirmative action programs - Juvenile literature | ||
| 990 | _afb89c15cac10000c4e884ccaf32f654c | ||
| 991 | _a132781 | ||
| 999 |
_c243649 _d243649 |
||